000 00574nam a2200229Ia 4500
003 OSt
005 20221005120856.0
006 a|||||r|||| 00| 0
007 ta
008 221004b |||||||| |||| 00| 0 eng d
024 _a70623
037 _cTextual
040 _aCRL
_cCRL
_beng
041 _2eng
_aeng
082 _aY1:351(N7):231, J0
100 _aAgarkar A.J.
_9629765
245 0 _aFolk dance of Maharashtra
260 _c1950
650 _aSOCIOLOGY
942 _hY1:351(N7):231, J0
_cTEXL
_2cc
999 _c1039388
_d1039388